1000 ideas en diseño de jardines / (Registro nro. 11411)

Detalles MARC
000 -LIDER
fixed length control field 01123nam a22003017a 4500
001 - NÚMERO DE CONTROL
Identificador de número de control 0011408
003 - IDENTIFICACDOR DE NÚMERO DE CONTROL
control field DO-SdBNP
005 - DATE AND TIME OF LATEST TRANSACTION
control field 20171110132246.0
007 - CAMPOS FIJOS DE DESCRIPCIÓN FÍSICA
fixed length control field 0011408
008 - ELEMENTOS DE LONGITUD FIJA
fixed length control field 160915b 2012 sp||||| |||| 00| 0 spa d
020 ## - ISBN
International Standard Book Number 9789962040255
040 ## - FUENTE DE CATALOGACIÓN
Agencia que crea de manera original el registro BPMSU
Idioma de catalogación spa
Agencia que realiza la transcripción BPMSU
082 #4 - NÚMERO DE CLASIFICACIÓN DECIMAL DE DEWEY
Classification number 712
Item number M637i
245 00 - MENCIÓN DE TITULO
Título 1000 ideas en diseño de jardines /
Mención de responsabilidad edición Marta Serrats
246 00 - VARIACION DEL TÍTULO
Título propiamente dicho o título corto Mil ideas en diseño de jardines /
260 0# - PUBLICACIÓN, DISTRIBUCIÓN, ETC. (PIE DE IMPRENTA)
Lugar de publicación, distribución, etc Barcelona, Espan̋a :
Nombre del editor, distribuidor, etc. Lexus,
Fecha de publicación, distribución, etc 2012.
300 ## - DESCRIPCIÓN FÍSICA
Extensión 419 p. :
Otros detalles físicos il. ;
Dimensiones 27 cm.
505 0# - NOTA DE CONTENIDO
Texto normalizado de contenido Usos y funciones del jardín -- Consejos para el diseño de jardines -- Propuestas ecológicas para el jardín -- Nuevas ideas para el Jardín Urbano -- El jardín como extensión de la vivienda -- Barbacoas y cocinas exteriores -- Consejos para decorar el jardín.
650 #4 - ENCABEZAMIENTO DE MATERIA--TEMÁTICO
Término temático o nombre geográfico como elemento de entrada ARQUITECTURA DE JARDINES
650 #4 - ENCABEZAMIENTO DE MATERIA--TEMÁTICO
Término temático o nombre geográfico como elemento de entrada JARDINERÍA
650 #4 - ENCABEZAMIENTO DE MATERIA--TEMÁTICO
Término temático o nombre geográfico como elemento de entrada JARDINES
650 #4 - ENCABEZAMIENTO DE MATERIA--TEMÁTICO
Término temático o nombre geográfico como elemento de entrada JARDINERIA
700 12 - ASIENTO SECUNDARIO -- NOMBRE PERSONAL
Nombre personal Serrats, Marta,
Mención de responsabilidad ed.
910 ## - VALIDACIÓN
Validación Validado. Control de calidad MFF
942 ## - ADDED ENTRY ELEMENTS (KOHA)
Source of classification or shelving scheme Dewey Decimal Classification
Koha item type Libros
945 ## - INFORMACIÓN DE PROCESAMIENTO LOCAL
Información de procesamiento local Inventariado extranjero / 2017 VM
956 ## - LOCAL ELECTRONIC LOCATION AND ACCESS (OCLC)
Nombre de host BTAVÁREZ
Número de acceso 10
Información de compresión 20161509
Trayectoria 0011408
Existencias
Withdrawn status Lost status Source of classification or shelving scheme Damaged status Not for loan Collection code Home library Current library Date acquired Source of acquisition Total Checkouts Full call number Barcode Date last seen Price effective from Koha item type Copy number
    Dewey Decimal Classification     Colección General Biblioteca Pública Metropolitana Salomé Ureña Biblioteca Pública Metropolitana Salomé Ureña 09/15/2016 Compra   712 M637i BPMSU16090347 09/15/2016 09/15/2016 Libros  
    Dewey Decimal Classification     Colección General Biblioteca Pública Metropolitana Salomé Ureña Biblioteca Pública Metropolitana Salomé Ureña 11/22/2016 Compra   712 M637i BPMSU16111475 11/22/2016 11/22/2016 Libros e. 2